000 00329nam a2200145Ia 4500
100 _aPooley/ Rob/ Stevens/ P
942 _cBK
654 _acomputer
245 _aUsing UML: Software Eng with Oly & Comp
260 _bAddison Wesly
_c1999
082 _a005.133'UML
_bPOO
300 _a256
546 _aENGLISH
999 _c18909
_d18909